Bytový dom

Salvato in:
Dettagli Bibliografici
Autore principale: Ďurček, Martin, 1988- (Autore)
Altri autori: Szabó, Ján, 1985- (Relatore della tesi)
Natura: Manoscritto Libro
Lingua:inglese
Pubblicazione: Bratislava : STU v Bratislave SvF, 2012
Soggetti:
Accesso online:VAIS
Tags: Aggiungi Tag
Nessun Tag, puoi essere il primo ad aggiungerne!!

MARC

LEADER 00000ntm a22000003a 4500
001 stu252582
005 20150617230224.6
008 120721s2012----xo------------------eng-d
040 |a STU  |b slo 
041 0 |a eng 
044 |a xo 
100 1 |a Ďurček, Martin,  |d 1988-  |4 aut  |u V  |T SvF Stavebná fakulta  |X 57756  |U V  |Y 10  |7 A000057756 
242 0 0 |a Apartment building  |y eng 
245 1 |a Bytový dom 
260 |a Bratislava :  |b STU v Bratislave SvF,  |c 2012 
650 7 |a pozemné stavby a architektúra  |2 stusub 
650 7 |a Building Structures and Architecture  |2 estusub 
650 7 |a reinforced concrete  |2 estusub 
650 7 |a residential house  |2 estusub 
650 7 |a železobetón  |2 stusub 
650 7 |a polyfunkcia  |2 stusub 
650 7 |a bytový dom  |2 stusub 
700 1 |a Szabó, Ján,  |d 1985-  |4 ths  |u V180  |U SvF Stavebná fakulta  |T SvF Katedra konštrukcií pozemných stavieb  |X 19464  |U V180  |Y 18  |7 A000019464 
856 4 |a info a plný text  |u http://is.stuba.sk/zp/portal_zp.pl?podrobnosti=59021  |3 VAIS